000 00251nam a2200109Ia 4500
008 190216s9999||||xx |||||||||||||| ||und||
100 _aBargavan Pillai
245 0 _aPoratunadakavum Mattum
260 _bNbs Kottayam
650 _aNadakam
942 _cBK
999 _c25374
_d25374